| 000 | 00525 a2200193 4500 | ||
|---|---|---|---|
| 003 | OSt | ||
| 005 | 20180116182933.0 | ||
| 008 | 160616b xxu||||| |||| 00| 0 eng d | ||
| 020 | _a0 | ||
| 040 | _c0 | ||
| 082 | _a302.35 ORG [N.D] | ||
| 100 | _aOrganizations | ||
| 245 |
_aOrganizations and Organization Theory. _cOrganizations |
||
| 260 |
_aphoto copay _c2004 |
||
| 300 |
_a299p. _bHB _cPhotocopy |
||
| 440 | _aOrganizations and Organization Theory. | ||
| 500 | _aHard cover | ||
| 942 |
_aNBS _cBK _k302.35 ORG [N D] _2ddc |
||
| 999 |
_c348925 _d348925 |
||